[Event "Stay Safe Play From Home 151"]
[Site "T#646137Emanuel Laske"]
[Date "2020.05.17"]
[Round "9"]
[White "Don59as"]
[Black "Castlingarrocco"]
[Result "0-1"]
[WhiteElo "2012"]
[BlackElo "2020"]
[Annotator "NA"]
[PlyCount "80"]
[EventDate "2020.05.17"]
[EventType "swiss (blitz)"]

1. c4 {[%emt 0:00:01]} c6 {[%emt 0:00:01]} 2. e4 {[%emt 0:00:01]} d5 {[%emt 0:00:00]} 3. cxd5 {[%emt 0:00:01]} cxd5 {[%emt 0:00:00]} 4. exd5 {[%emt 0:00:00]} Nf6 {[%emt 0:00:00]} 5. Nc3 {[%emt 0:00:00]} Nbd7 {[%emt 0:00:00]} 6. g3 {[%emt 0:00:00]} Nb6 {[%emt 0:00:01]} 7. Bg2 {[%emt 0:00:00]} g6 {[%emt 0:00:01]} 8. Nge2 {[%emt 0:00:01]} Bg7 {[%emt 0:00:01]} 9. O-O {[%emt 0:00:01]} O-O {[%emt 0:00:00]} 10. d4 {[%emt 0:00:01]} Nbxd5 {[%emt 0:00:01]} 11. Be3 {[%emt 0:00:01]} Nxe3 {[%emt 0:00:01]} 12. fxe3 {[%emt 0:00:01]} Nd5 {[%emt 0:00:01]} 13. Nxd5 {[%emt 0:00:01]} Be6 {[%emt 0:00:02]} 14. Ndf4 {[%emt 0:00:01]} Bf5 {[%emt 0:00:01]} 15. Qd2 {[%emt 0:00:01]} Qb6 {[%emt 0:00:01]} 16. e4 {[%emt 0:00:01]} Be6 {[%emt 0:00:02]} 17. Kh1 {[%emt 0:00:01]} Bc4 {[%emt 0:00:03]} 18. b3 {[%emt 0:00:01]} Bxe2 {[%emt 0:00:02]} 19. Nxe2 {[%emt 0:00:00]} Rad8 {[%emt 0:00:01]} 20. Rad1 {[%emt 0:00:02]} e5 {[%emt 0:00:01]} 21. d5 {[%emt 0:00:01]} Qd6 {[%emt 0:00:01]} 22. Nc3 {[%emt 0:00:01]} f5 {[%emt 0:00:01]} 23. Nb5 {[%emt 0:00:01]} Qf6 {[%emt 0:00:01]} 24. Nxa7 {[%emt 0:00:02]} f4 {[%emt 0:00:02]} 25. gxf4 {[%emt 0:00:02]} exf4 {[%emt 0:00:00]} 26. Nb5 {[%emt 0:00:01]} Qh4 {[%emt 0:00:01]} 27. Nd4 {[%emt 0:00:02]} Be5 {[%emt 0:00:01]} 28. Nf3 {[%emt 0:00:01]} Qg4 {[%emt 0:00:01]} 29. Nxe5 {[%emt 0:00:01]} Qh4 {[%emt 0:00:01]} 30. Nf3 {[%emt 0:00:01]} Qg4 {[%emt 0:00:01]} 31. e5 {[%emt 0:00:01]} Rf5 {[%emt 0:00:01]} 32. e6 {[%emt 0:00:01]} Rfxd5 {[%emt 0:00:01]} 33. Qe2 {[%emt 0:00:01]} Rxd1 {[%emt 0:00:02]} 34. Rxd1 {[%emt 0:00:00]} Rxd1+ {[%emt 0:00:01]} 35. Qxd1 {[%emt 0:00:01]} Qxe6 {[%emt 0:00:00]} 36. Ng5 {[%emt 0:00:02]} Qe3 {[%emt 0:00:01]} 37. Qd5+ {[%emt 0:00:01]} Kg7 {[%emt 0:00:01]} 38. Ne6+ {[%emt 0:00:01]} Kh6 {[%emt 0:00:01]} 39. Nxf4 {[%emt 0:00:01]} Qe1+ {[%emt 0:00:01]} 40. Bf1 {[%emt 0:00:02]} Qxf1# {[%emt 0:00:01] (Lag: Av=0.42s, max=0.9s)} 0-1

[Event "Stay Safe Play From Home 151"]
[Site "T#646137Emanuel Laske"]
[Date "2020.05.17"]
[Round "9"]
[White "Haxhi Baha"]
[Black "Parth11"]
[Result "1-0"]
[WhiteElo "1925"]
[BlackElo "1371"]
[Annotator "NA"]
[PlyCount "107"]
[EventDate "2020.05.17"]
[EventType "swiss (blitz)"]

1. e4 {[%emt 0:00:02]} b6 {[%emt 0:00:02]} 2. d4 {[%emt 0:00:01]} e6 {[%emt 0:00:00]} 3. Bd3 {[%emt 0:00:00]} d5 {[%emt 0:00:00]} 4. Qe2 {[%emt 0:00:00]} Bd7 {[%emt 0:00:01]} 5. exd5 {[%emt 0:00:02]} Ne7 {[%emt 0:00:01]} 6. dxe6 {[%emt 0:00:01]} Bxe6 {[%emt 0:00:00]} 7. c3 {[%emt 0:00:01]} c5 {[%emt 0:00:01]} 8. Nf3 {[%emt 0:00:01]} cxd4 {[%emt 0:00:01]} 9. Nxd4 {[%emt 0:00:01]} Qd7 {[%emt 0:00:01]} 10. Nxe6 {[%emt 0:00:01]} Qxe6 {[%emt 0:00:00]} 11. Qxe6 {[%emt 0:00:01]} fxe6 {[%emt 0:00:00]} 12. Bf4 {[%emt 0:00:01]} Nd7 {[%emt 0:00:02]} 13. Nd2 {[%emt 0:00:01]} O-O-O {[%emt 0:00:01]} 14. O-O-O {[%emt 0:00:01]} h6 {[%emt 0:00:02]} 15. Bg3 {[%emt 0:00:01]} g5 {[%emt 0:00:01]} 16. Rhe1 {[%emt 0:00:03]} Nf5 {[%emt 0:00:01]} 17. Bxf5 {[%emt 0:00:02]} exf5 {[%emt 0:00:01]} 18. Nc4 {[%emt 0:00:01]} Bc5 {[%emt 0:00:03]} 19. Re6 {[%emt 0:00:01]} f4 {[%emt 0:00:02]} 20. b4 {[%emt 0:00:04]} Be7 {[%emt 0:00:06]} 21. Rxe7 {[%emt 0:00:01]} fxg3 {[%emt 0:00:01]} 22. hxg3 {[%emt 0:00:00]} Nf6 {[%emt 0:00:01]} 23. Rde1 {[%emt 0:00:02]} Nd5 {[%emt 0:00:02]} 24. Rxa7 {[%emt 0:00:01]} Nxc3 {[%emt 0:00:01]} 25. Kc2 {[%emt 0:00:02]} Nd5 {[%emt 0:00:02]} 26. Re5 {[%emt 0:00:02]} Nxb4+ {[%emt 0:00:01]} 27. Kb3 {[%emt 0:00:01]} Nc6 {[%emt 0:00:00]} 28. Nxb6+ {[%emt 0:00:02]} Kb8 {[%emt 0:00:02]} 29. Rae7 {[%emt 0:00:00]} Nxe5 {[%emt 0:00:01]} 30. Rxe5 {[%emt 0:00:01]} Rhf8 {[%emt 0:00:00]} 31. f3 {[%emt 0:00:02]} Rfe8 {[%emt 0:00:01]} 32. Rb5 {[%emt 0:00:02]} Kc7 {[%emt 0:00:02]} 33. a4 {[%emt 0:00:01]} Rb8 {[%emt 0:00:02]} 34. a5 {[%emt 0:00:01]} Kc6 {[%emt 0:00:01]} 35. Rb4 {[%emt 0:00:01]} Re5 {[%emt 0:00:01]} 36. Ka4 {[%emt 0:00:00]} Rc5 {[%emt 0:00:01]} 37. Re4 {[%emt 0:00:01]} Rxb6 {[%emt 0:00:05]} 38. Re6+ {[%emt 0:00:02]} Kd5 {[%emt 0:00:02]} 39. Rxb6 {[%emt 0:00:00]} Rc4+ {[%emt 0:00:01]} 40. Kb5 {[%emt 0:00:01]} Rc2 {[%emt 0:00:01]} 41. a6 {[%emt 0:00:01]} Rb2+ {[%emt 0:00:01]} 42. Ka5 {[%emt 0:00:01]} Rb5+ {[%emt 0:00:00]} 43. Rxb5+ {[%emt 0:00:01]} Kc4 {[%emt 0:00:00]} 44. a7 {[%emt 0:00:00]} Kd3 {[%emt 0:00:00]} 45. a8=Q {[%emt 0:00:00]} Kc3 {[%emt 0:00:00]} 46. Qe8 {[%emt 0:00:00]} Kc2 {[%emt 0:00:00]} 47. Rb7 {[%emt 0:00:00]} Kd1 {[%emt 0:00:00]} 48. Rd7+ {[%emt 0:00:00]} Kc1 {[%emt 0:00:01]} 49. Qc8+ {[%emt 0:00:00]} Kb1 {[%emt 0:00:00]} 50. Rb7+ {[%emt 0:00:00]} Ka1 {[%emt 0:00:00]} 51. Ka6 {[%emt 0:00:00]} Ka2 {[%emt 0:00:00]} 52. Qa8 {[%emt 0:00:00]} Ka3 {[%emt 0:00:00]} 53. Ka7 {[%emt 0:00:00]} Ka4 {[%emt 0:00:01]} 54. Kb8# {[%emt 0:00:00] (Lag: Av=0.77s, max=1.7s)} 1-0

[Event "Stay Safe Play From Home 151"]
[Site "T#646137Emanuel Laske"]
[Date "2020.05.17"]
[Round "9"]
[White "Trotsky"]
[Black "Nagaram"]
[Result "1-0"]
[WhiteElo "1578"]
[BlackElo "1728"]
[Annotator "NA RC"]
[PlyCount "49"]
[EventDate "2020.05.17"]
[EventType "swiss (blitz)"]

1. d4 {[%emt 0:00:01]} e6 {[%emt 0:00:01]} 2. e3 {[%emt 0:00:00]} d6 {[%emt 0:00:01]} 3. c4 {[%emt 0:00:01]} d5 {[%emt 0:00:00]} 4. Nc3 {[%emt 0:00:00]} Bb4 {[%emt 0:00:02]} 5. Nf3 {[%emt 0:00:01]} Bxc3+ {[%emt 0:00:00]} 6. bxc3 {[%emt 0:00:01]} Nf6 {[%emt 0:00:00]} 7. Qc2 {[%emt 0:00:01]} O-O {[%emt 0:00:01]} 8. c5 {[%emt 0:00:02]} b6 {[%emt 0:00:01]} 9. Bd3 {[%emt 0:00:01]} bxc5 {[%emt 0:00:01]} 10. Ng5 {[%emt 0:00:01]} h6 {[%emt 0:00:02]} 11. h4 {[%emt 0:00:01]} cxd4 {[%emt 0:00:01]} 12. exd4 {[%emt 0:00:01]} Re8 {[%emt 0:00:02]} 13. Bh7+ {[%emt 0:00:03]} Kf8 {[%emt 0:00:03]} 14. Be3 {[%emt 0:00:01]} hxg5 {[%emt 0:00:01]} 15. hxg5 {[%emt 0:00:01]} Nxh7 {[%emt 0:00:01]} 16. Rxh7 {[%emt 0:00:02]} Ke7 {[%emt 0:00:01]} 17. O-O-O {[%emt 0:00:03]} Nc6 {[%emt 0:00:01]} 18. Rxg7 {[%emt 0:00:01]} Bd7 {[%emt 0:00:01]} 19. g6 {[%emt 0:00:01]} Kf8 {[%emt 0:00:01]} 20. Rh7 {[%emt 0:00:07]} Qf6 {[%emt 0:00:02]} 21. Rdh1 {[%emt 0:00:03]} Ke7 {[%emt 0:00:01]} 22. Rxf7+ {[%emt 0:00:03]} Qxf7 {[%emt 0:00:02]} 23. gxf7 {[%emt 0:00:01]} Kxf7 {[%emt 0:00:00]} 24. Qh7+ {[%emt 0:00:04]} Kf8 {[%emt 0:00:01]} 25. Bh6# {[%emt 0:00:02] (Lag: Av=0.66s, max=1.1s)} 1-0

[Event "Stay Safe Play From Home 151"]
[Site "T#646137Emanuel Laske"]
[Date "2020.05.17"]
[Round "9"]
[White "Mandy"]
[Black "MartinKestler"]
[Result "0-1"]
[WhiteElo "943"]
[BlackElo "1913"]
[Annotator "TA"]
[PlyCount "56"]
[EventDate "2020.05.17"]
[EventType "swiss (blitz)"]

{[%evp 10,56,34,9,30,0,0,0,0,5,32,-23,-6,-26,-20,-37,-42,-33,-33,-77,-68,-418,-415,-733,-404,-411,-380,-427,-427,-481,-472,-492,-482,-458,-379,-378,-378,-370,-366,-367,73,73,74,78,109,91,97,0,0]} 1. d4 e6 2. Bf4 d5 3. e3 Bd6 4. Bg3 Bxg3 5. hxg3 Nf6 6. Nf3 b6 {D02: 1 d4 d5 2 Nf3 sidelines, including 2...Nf6 3 g3 and 2...Nf6 3 Bf4.} 7. Bd3 Bb7 8. c3 Nbd7 9. Nbd2 c5 10. O-O (10. Ne5 $14) 10... h6 11. Qe2 O-O {[#]} 12. Ne5 $146 ({Predecessor:} 12. a4 Rc8 13. Ba6 Qc7 14. Rfd1 c4 15. Bxb7 Qxb7 16. Ne1 e5 17. dxe5 Nxe5 18. Ndf3 {1-0 (55) Gruz,J (2018)-Simon,T (2034) Hungary 2006}) 12... Nxe5 13. dxe5 Ne4 14. Bxe4 dxe4 15. Nxe4 $2 {[%mdl 8192] [#]} (15. Nc4 $15) 15... Bxe4 $19 16. f3 (16. Rfd1 $142 Qg5 17. Rd2) 16... Bb7 17. f4 g6 18. Kh1 Qc7 19. c4 Qc6 20. b3 Rad8 21. Rad1 Rd7 22. Rxd7 Qxd7 23. Rd1 Qc6 24. g4 Qxg2+ $2 {[#]} ({Better is} 24... Qc7 $19 {Hoping for ...Qe7.} 25. Rd6 Qe7) 25. Qxg2 $16 Bxg2+ 26. Kxg2 Ra8 27. Kg3 Kf8 28. Kh4 ({White should play} 28. Rd7 $16) 28... Ke7 {[%mdl 32768] Accuracy: White = 45%, Black = 64%. . Sensor Board Error (Ke4/e5)?} 0-1